000 00415nam a2200157Ia 4500
008 210716s2005 xx 000 0 und d
020 _a8178815192
041 _aeng
082 _a332.45 SEEK
100 _aSeethapathi, K.
245 _aForeign exchange risk: concepts and case.
_bConcepts and case.
250 _a1
260 _aHyderabad
_bICFAI University Press
_c2005
300 _ax,183
650 _aFinance
999 _c199647
_d199647